000 01310nam a2200325 i 4500
001 000005825
003 DO-SdBNP
005 20260317135330.0
007 ta
008 090824e1980 dr aod 001 0 spa d
040 _aDO-SdBNP
_bspa
_cBNPHU
_erda
041 _aspa
082 4 _a330.9729375
_bD812c
_222
100 1 _aDuarte, Isis,
_eautor
_4aut.
_92123
245 1 0 _aCapitalismo y superpoblación en Santo Domingo :
_bmercado de trabajo rural y ejército de reserva urbano /
_cIsis Duarte ; prólogo, André Corten.
264 1 _aSanto Domingo :
_bCODIA,
_c1980.
300 _a553 páginas :
_bilustraciones, fotografías, gráficas ;
_c22 cm.
336 _atexto
_btxt
_2rdacontent
337 _asin mediación
_bn
_2rdamedia
338 _avolumen
_bnc
_2rdacarrier
500 _aPrimera parte de la investigación sobre "Dependencia y marginalidad en Santo Domingo".
500 _aIncluye bibliografía al final de los capítulos.
590 _aInventariado, 2024 / MF
650 7 _aMercado de trabajo
_zRepública Dominicana
_2LIBRUNAM
_919058
651 4 _aSanto Domingo, República Dominicana
_xPoblación
_97890
651 4 _aRepública Dominicana
_xCondiciones rurales
_99403
700 1 _aCorten, André,
_eprologuista
_4pr.
_912665
910 _aValidado. Control de calidad MFF
942 _2ddc
_cLBS1
999 _c5621
_d5621